Word Scrabble- Food Quiz - Statistics

General Stats
  • This quiz has been taken 997 times
  • The average score is 14 of 15
Answer Stats
Hint Answer % Correct
REAP Pear
99%
GEG Egg
98%
ALPEP Apple
97%
IPHC Chip
97%
HECESE Cheese
95%
KELE Leek
95%
SAGESAU Sausage
95%
INPEPLEAP pineapple
92%
STPAA Pasta
91%
URKTYE Turkey
91%
EARDB Bread
90%
ANDCHIWS Sandwich
89%
CUBISIT Biscuit
87%
ANGEOR Orange
83%
ERCRKCA Cracker
76%
No matching quizzes found
Score Distribution
Percent of People with Each Score
Percentile by Number Answered
Your Score History
You have not taken this quiz